| 000 | 00863nam a2200277 a 4500 | ||
|---|---|---|---|
| 001 | BRCA_7664 | ||
| 005 | 20190320205932.0 | ||
| 008 | 260713s1956----nyua######---#000-0#eng-# | ||
| 041 | _aeng | ||
| 044 | _anyu | ||
| 050 | 4 |
_aND1265 _b.R49 1956 |
|
| 100 | 1 |
_aRewald, John _911773 |
|
| 245 | 1 | 0 |
_aPost-impressionism from Van Gogh to Gauguin _cby John Rewald. |
| 260 |
_aNueva York _bMuseum of Modern Art _c1956 |
||
| 300 |
_a612 p. _bil. (algunas a color), láminas _c26 cm. |
||
| 500 | _aIncluye índice de láminas | ||
| 500 | _aT84 | ||
| 504 | _aBibliografía p. 551-591 | ||
| 600 | 1 | 4 |
_aVan Gogh, Vincent _d1853-1890 _vpintor _918907 |
| 600 | 1 | 4 |
_aGauguin, Eugène Henri Paul _d1848-1903 _vpintor _918908 |
| 650 | 1 | 4 |
_aPost-impressionismo (Arte) _918909 |
| 650 | 1 | 4 |
_aPintores _92497 |
| 650 | 1 | 4 |
_aPintura _xHistoria _918910 |
| 902 | _aGFM | ||
| 942 |
_2lcc _cB |
||
| 999 |
_c7338 _d7338 |
||